000 nam a22 7a 4500
999 _c7647
_d7647
008 170923b xxu||||| |||| 00| 0 eng d
100 _94143
_aGoel.D.K.
245 _aAccountancy-XI
260 _aNew Delhi
_bAP
_c2009